|
|
|
|
| LEADER |
00000nam a2200000 a 4500 |
| 001 |
vtls001444484 |
| 003 |
SK-MaSNL |
| 005 |
20260301013637.0 |
| 008 |
240315s1985 xx 0 und |
| 035 |
|
|
|a SNK000399710
|
| 040 |
|
|
|a SNK
|b slo
|c SNK
|e AACR2
|
| 100 |
1 |
|
|a Engelmann, Wolf-Eberhard
|4 aut
|9 300713
|
| 245 |
1 |
|
|a Lurche und Kriechtiere Europas
|
| 260 |
|
|
|a Leipzig
|b Neumann
|c 1985
|
| 300 |
|
|
|a 420 s.
|
| 490 |
0 |
|
|a Beobachten und bestimmen
|
| 958 |
|
|
|a OND
|
| 999 |
|
|
|c 556607
|d 558537
|
| 952 |
|
|
|t P60, <04>, [BOOK], {604}
|a SNK
|b SNK
|y VYP
|7 0
|p 17A0364556
|o snkIC 101428
|0 0
|1 0
|4 0
|d 2002-11-16
|l 0
|r 2005-01-02 00:00:00
|w 2026-02-23
|